书目信息 |
| 题名: |
HUNGARY IN GREATNESS AND DECLINE
|
|
| 作者: | Domokos Varga | |
| 分册: | ||
| 出版信息: |
|
|
| 页数: | ||
| 开本: | 24cm | |
| 丛书名: | ||
| 单 册: | ||
| 中图分类: | D751.509 | |
| 科图分类: | ||
| 主题词: | 政治 | |
| 电子资源: | ||
| ISBN: | ||
| 000 | 00432nam0 2200157 450 | |
| 001 | 202410292132057138 | |
| 005 | 20241029111908.92 | |
| 100 | @a20241029d km y0chiy0120 ea | |
| 101 | 0 | @achi |
| 200 | 1 | @aHUNGARY IN GREATNESS AND DECLINE@fDomokos Varga |
| 215 | @d24cm | |
| 606 | 0 | @a政治 |
| 690 | @aD751.509@v4 | |
| 701 | 0 | @aDomokos Varga |
| 801 | 0 | @aCN@b大连网信软件有限公司图书馆·11@c20241029 |
| 905 | @aZUCC@b169178@dD751.509@e508@f1 | |
| HUNGARY IN GREATNESS AND DECLINE/Domokos Varga |
| 24cm |
| ISBN : |
| ● |
| 相关链接 |
|
|
|
|
正题名:HUNGARY IN GREATNESS AND DECLINE
索取号:D751.509/508
 
预约/预借
| 序号 | 登录号 | 条形码 | 馆藏地/架位号 | 状态 | 备注 |
| 1 | 169178 | 001691789 | 密集书库-史法系/ [索取号:D751.509/508] | 在馆 |